| 000 | 00499 a2200169 4500 | ||
|---|---|---|---|
| 001 | 136003 | ||
| 020 | _a9788502061866 | ||
| 040 | _cLeonardo Da Vinci | ||
| 041 | _aPortuguês | ||
| 082 |
_a657.15 C625c _bC625c |
||
| 100 | _aCOGAN, Samuel | ||
| 245 |
_aContabilidade gerencial _buma abordagem da teoria das restrições |
||
| 260 |
_bSaraiva _c2007 _aSão Paulo |
||
| 362 | _a20070000 | ||
| 697 |
_aContabilidade gerencial _aContabilidade de custos _aInteligência artificial _aFIPEN |
||
| 942 | _cBK | ||
| 999 |
_c136003 _d136003 |
||